| 000 | 00949nam a2200217Ia 4500 | ||
|---|---|---|---|
| 003 | Ost | ||
| 005 | 20260507075116.0 | ||
| 008 | 260507s9999||||xx |||||||||||||| ||und|| | ||
| 040 | _cfsecg | ||
| 041 | _aara | ||
| 082 | _a332.671 | ||
| 100 |
_aمجيد، ضياء _eمؤلف |
||
| 245 | 0 |
_aالخصخصة والتصحيحات الهيكلية : _bآراء واتجاهات / _c ضياء مجيد |
|
| 260 |
_aالإسكندرية: _bمؤسسة شباب الجامعة, _c2005 |
||
| 300 |
_a122 صفحة؛ _bإيضاحات ؛ _c24 سم |
||
| 520 | _aمقدمات- إيديولوجيات الدعوة الراهنة وراء تقلص دور القطاع العام- قواعد اقتصاديات السوق- إصلاح القطاع العام- البيروسترويكا | ||
| 653 | _a الخصخصة- الجوانب الإقتصادية | ||
| 653 | _aالإصلاح الإقتصادي | ||
| 653 | _aالقطاع الخاص | ||
| 942 | _cكتاب | ||
| 999 |
_c43019 _d43019 |
||